Incentives und Wirtschaftswachstum zur Steuerpolitik in der frühen Nachkriegszeit

Enregistré dans:
Détails bibliographiques
Auteur principal: Boss, Alfred
Format: Livre
Langue:allemand
Publié: Kiel Institut für Weltwirtschaft 1987
Collection:Arbeitspapier Nr. 295
Tags: Ajouter un tag
Pas de tags, Soyez le premier à ajouter un tag!

MARC

LEADER 00000nam a2200000 4500
001 c111135
005 20181203150319.2
041 0 |a ger 
044 |a DE 
245 1 0 |a Incentives und Wirtschaftswachstum  |b zur Steuerpolitik in der frühen Nachkriegszeit  |c Alfred Boss 
264 1 |a Kiel  |b Institut für Weltwirtschaft  |c 1987 
300 |a 46 s. 
490 1 |a Arbeitspapier  |v Nr. 295 
830 0 |a Arbeitspapier  |v Nr. 295 
100 1 |a Boss, Alfred